| 000 | 00387nam a2200145Ia 4500 | ||
|---|---|---|---|
| 008 | 151213s9999 xx 000 0 und d | ||
| 100 | _aNTC Business Books | ||
| 245 |
_aNielsen Category Management _cNTC Business Books |
||
| 260 |
_aU.S.A _bNTC Business Book _c1992 |
||
| 300 | _a2799 p. | ||
| 650 | _aManagement | ||
| 650 | _aManagement | ||
| 700 | _aNTC Business Books | ||
| 999 |
_c1909 _d1909 |
||